000
00309nam a2200133Ia 4500
008
211105s9999||||xx |||||||||||||| ||und||
082
_a
RD923.587 B742B 1992
084
_b
13-00177
100
_a
Bosch, Juan, 1909-2001
245
0
_a
Bolivar y la guerra social
260
_c
1992
300
_a
0
999
_c
16591
_d
16591